Política y economía en la América Latina de hoy: pensar su relación a la luz de las ideas de Ignacio Ellacuría /

Збережено в:
Бібліографічні деталі
Автор: Villacorta, Carmen Elena
Формат: Текст
Теги: Додати тег
Немає тегів, Будьте першим, хто поставить тег для цього запису!

MARC

LEADER 00000 a a2200000 04500
001 48839
003
040
100 |a Villacorta, Carmen Elena  
245 |a Política y economía en la América Latina de hoy:   |b pensar su relación a la luz de las ideas de Ignacio Ellacuría /  |c Carmen Elena Villacorta  
773 |g número142, (2014), páginas 549-559  
999 |c 30743  |d 30743